000
00270nam a2200121Ia 4500
008
191201s2005 xx 000 0 und d
100
_a
PANDYA, Mukul
245
0
_a
Lasting Leadership
260
_a
N.Delhi
_b
PEP
_c
2005
300
_a
266
650
_a
MBA
942
_2
ddc
_c
BK
999
_c
3096
_d
3096